Officivm hebdomadae sanctae cvm psalmis et lectionibvs secundum missale & breviarium romanum pij V. Pontif. Max iussu editum & Clementis VIII & Vrbani VIII authoritate recognitum cum cantu toletano. (Record no. 8306)

MARC details
000 -CABECERA
campo de control de longitud fija 01287nam a2200313 a 4500
001 - NÚMERO DE CONTROL
campo de control BRCA_8646
005 - FECHA Y HORA DE LA ÚLTIMA TRANSACCIÓN
campo de control 20190320210344.0
008 - DATOS DE LONGITUD FIJA--INFORMACIÓN GENERAL
campo de control de longitud fija 041016s1702----sp-#######---#000-0#lat-#
041 ## - CÓDIGO DE LENGUA
Código de lengua del texto/banda sonora o título independiente lat
044 ## - CÓDIGO DEL PAÍS DE LA ENTIDAD EDITORA/PRODUCTORA
Código MARC del país sp
050 #4 - SIGNATURA TOPOGRÁFICA DE LA BIBLIOTECA DEL CONGRESO
Número de clasificación BX1970
Número de documento/Ítem .O33
-- 1702
245 10 - MENCIÓN DE TÍTULO
Título Officivm hebdomadae sanctae cvm psalmis et lectionibvs secundum missale & breviarium romanum pij V. Pontif. Max iussu editum & Clementis VIII & Vrbani VIII authoritate recognitum cum cantu toletano.
260 ## - PUBLICACIÓN, DISTRIBUCIÓN, ETC.
Lugar de publicación, distribución, etc. Matriti
Nombre del editor, distribuidor, etc. Ex typographia musicae
Fecha de publicación, distribución, etc. 1702
300 ## - DESCRIPCIÓN FÍSICA
Extensión 252, cxlxij p.
Dimensiones 30 cm
500 ## - NOTA GENERAL
Nota general Fondo antiguo
500 ## - NOTA GENERAL
Nota general Se encuentra en Caja Fuerte
500 ## - NOTA GENERAL
Nota general LM-43/DD-3
500 ## - NOTA GENERAL
Nota general Portada impresa a dos tintas negro y rojo con Grabado de jesucristo en la cruz
500 ## - NOTA GENERAL
Nota general Uso de letras capitulares y viñetas
500 ## - NOTA GENERAL
Nota general Texto impreso a dos columnas
500 ## - NOTA GENERAL
Nota general Con licencia de Don Sebastian de Cortes
500 ## - NOTA GENERAL
Nota general Contiene pentagramas musicales
500 ## - NOTA GENERAL
Nota general Rubrica en la guarda perteneciente al ´Hospital Real de los Indios´
500 ## - NOTA GENERAL
Nota general Nota de encuadernación: piel sobre cartón
506 0# - NOTA DE RESTRICCIONES AL ACCESO
Limitaciones de acceso Fondo reservado: para su consulta es necesario credencial de usuario y carta de motivos
650 14 - PUNTO DE ACCESO ADICIONAL DE MATERIA--TÉRMINO DE MATERIA
Término de materia o nombre geográfico como elemento de entrada Iglesia católica
Término indicativo de función/relación Liturgia
Subdivisión de forma textos
9 (RLIN) 21578
902 ## - CATALOGADOR
Iniciales LAR
942 ## - ELEMENTOS DE PUNTO DE ACCESO ADICIONAL (KOHA)
Fuente del sistema de clasificación o colocación Library of Congress Classification
Tipo de ítem Koha Libros
Holdings
Estado de retiro Estado de pérdida Estado dañado No para préstamo Localización permanente Ubicación/localización actual Fecha de adquisición Total de préstamos Signatura topográfica completa Código de barras Fecha visto por última vez Precio válido a partir de Tipo de ítem Koha
El ejemplar forma parte de la colección y puede ser consultado según las políticas vigentes.       Biblioteca del Museo Franz Mayer (Rogerio Casas-Alatriste) Biblioteca del Museo Franz Mayer (Rogerio Casas-Alatriste) 04/10/2016   BX1970 .O33 1702 LAR00149 22/03/2019 22/03/2019 Libros